Joueur Élu dans le XI de l'année UEFA 2010-2020 - Statistiques

Statistiques générales
  • Ce quiz a été pris 556 fois
  • Le résultat moyen est 43 sur 52
Statistiques - réponses
Club (lors de la dernière présence) Nombre de Présences dans le XI Nationalité Dernière année de la Présence Nom % Correct
Juventus Turin 15 Portugal 2020 Cristiano Ronaldo
99%
FC Barcelone 12 Argentine 2020 Lionel Messi
97%
FC Barcelone 6 Espagnol 2016 Andrès Iniesta
94%
Paris Saint-Germain 2 Brésil 2020 Neymar
92%
Paris Saint-Germain 1 France 2018 Kylian Mbappé
91%
Real Madrid C.F. 4 Croatie 2018 Luka Modric
91%
Bayern Munich 2 Pologne 2020 Robert Lewandowski
90%
Real Madrid C.F. 9 Espagnol 2020 Sergio Ramos
90%
Atlético Madrid 1 France 2016 Antoine Griezmann
89%
Tottenham / Real Madrid C.F. 2 Pays de Galles 2013 Gareth Bale
89%
Real Madrid C.F. 6 Espagnol 2012 Iker Casillas
89%
Manchester City 3 Belgique 2020 Kevin De Bruyne
89%
Bayern Munich 1 Sénégal 2019 Sadio Mané
89%
Bayern Munich 1 France 2013 Franck Ribery
88%
Liverpool FC 2 Pays-Bas 2020 Virgil Van Dijk
88%
Paris Saint-Germain 4 Suède 2014 Zlatan Ibrahimovic
88%
Juventus Turin 1 France 2015 Paul Pogba
87%
Real Madrid C.F. 3 Allemagne 2017 Toni Kroos
87%
Bayern Munich 1 Pays-Bas 2014 Arjen Robben
86%
Chelsea FC 2 Belgique 2018 Eden Hazard
86%
Paris Saint-Germain 4 Brésil 2015 Thiago Silva
86%
Bayern Munich 1 Canada 2020 Alphonso Davies
85%
Bayern Munich 4 Allemagne 2020 Manuel Neuer
85%
Chelsea FC 1 France 2018 N'golo Kanté
85%
Ajax / FC Barcelone 1 Pays-Bas 2019 Frenki De Jong
84%
Liverpool FC 1 Écosse 2019 Andrew Robertson
83%
Bayern Munich 3 Autriche 2014 David Alaba
83%
Real Madrid C.F. / Manchester United 1 Argentine 2014 Di Maria
83%
FC Barcelone 5 Espagnol 2016 Gerard Piqué
83%
Juventus Turin 5 Italie 2017 Gianluigi Buffon
83%
Real Madrid 1 France 2018 Raphael Varane
83%
FC Barcelone 6 Espagnol 2010 Carles Puyol
82%
Ajax / Juventus Turin 1 Pays-Bas 2019 Matthijs De Ligt
82%
Bayern Munich 5 Allemagne 2014 Philipp Lahm
82%
Real Madrid C.F. 4 Brésil 2018 Marcelo
81%
Real Madrid C.F. / Arsenal FC 2 Allemagne 2013 Mesut Ozil
81%
Juventus Turin / Paris Saint-Germain 5 Brésil 2017 Dani Alves
79%
Bayern Munich 1 Allemagne 2020 Joshua Kimmich
79%
Liverpool FC 1 Angleterre 2019 Trent Alexander Arnold
79%
FC Barcelone 1 Allemagne 2018 Marc-André Ter Stegen
78%
Borussia Dortmund 1 Allemagne 2013 Marco Reus
78%
Bayern Munich / Liverpool FC 1 Espagne 2020 Thiago Alcantara
78%
Juventus Turin 1 Italie 2017 Giorgio Chiellini
77%
Liverpool FC 1 Brésil 2019 Alisson
76%
FC Barcelone 1 Espagnol 2010 David Villa
73%
Atlético Madrid 1 Uruguay 2014 Diego Godin
73%
Inter Mian 1 Pays-Bas 2010 Wesley Sneijder
73%
Juventus Turin 1 Italie 2012 Andréa Pirlo
68%
Bayern Munich 1 Allemagne 2016 Jerome Boateng
68%
Inter Milan 1 Brésil 2010 Maicon
56%
Chelsea F.C 1 Anglais 2010 Ashley Cole
51%
FC Barcelone 5 Espagnol 2012 Xavi Hernandez
47%
Aucun quiz correspondant
Distribution des résultats
% des personnes avec chaque résultat
Percentile par nombre de réponses
Votre historique - résultats
Vous n’avez pas pris ce quiz